| 000 | 00925nam a22002177a 4500 | ||
|---|---|---|---|
| 005 | 20110830122930.0 | ||
| 010 | _aG-001106 | ||
| 020 |
_a8190295209 _c100.00 |
||
| 035 | _aG-001106 | ||
| 037 | _bउपहार | ||
| 082 | _aक | ||
| 100 |
_aकेड़िया, नथमल _933992 |
||
| 245 |
_aकह चकवा.. सुन चकवी/ _cनथमल केड़िया |
||
| 246 |
_a _b |
||
| 260 |
_aजयपुर _bप्रीता प्रकाशन _c2003 |
||
| 270 |
_aA-511, Siddharth Nagar, Jawahar Circle _bJaipur _e302017 _k0141-2550591 |
||
| 300 |
_a80पृ. _bसचित्र _c22 सेमी (अजिल्द) |
||
| 942 |
_2ddc _cCH _hक _mकेड़िया |
||
| 999 |
_c56093 _d56093 |
||